| 000 | nam a22 7a 4500 | ||
|---|---|---|---|
| 999 |
_c232918 _d232918 |
||
| 003 | Nust | ||
| 005 | 20170224165036.0 | ||
| 008 | 170224b xxu||||| |||| 00| 0 eng d | ||
| 040 | _cDLC | ||
| 082 | _a 297.122015 KAR | ||
| 245 |
_aقران حکیم کے معجزات _cڈاکٹر فضل کریم |
||
| 260 |
_aLahore : _c2008 |
||
| 300 |
_a316p. : _c25cm |
||
| 942 |
_2ddc _cBK |
||